Normal view
MARC view
Entry Personal Name
001 - CONTROL NUMBER
- control field: 5682
003 - CONTROL NUMBER IDENTIFIER
- control field: BD-RjUL
005 - DATE AND TIME OF LATEST TRANSACTION
- control field: 20221103105509.0
008 - FIXED-LENGTH DATA ELEMENTS
- fixed length control field: 221103|| aca||aabn | a|a d
040 ## - CATALOGING SOURCE
- Original cataloging agency: BD-RjUL
- Transcribing agency: BD-RjUL
100 ## - HEADING--PERSONAL NAME
- Personal name: Akanda,Md. Asaduzzaman
670 ## - SOURCE DATA FOUND
- Source citation: Work cat.: (BD-RjUL)80699: Akanda,Md. Asaduzzaman, Workers' Management Practice in Readymade Garment Industries of Bangladesh : , 2012